Hindi Story (Record no. 3549)
[ view plain ]
| 000 -LEADER | |
|---|---|
| fixed length control field | 00193nam a22000857a 4500 |
| 008 - FIXED-LENGTH DATA ELEMENTS--GENERAL INFORMATION | |
| fixed length control field | 161020b xxu||||| |||| 00| 0 eng d |
| 100 ## - MAIN ENTRY--PERSONAL NAME | |
| 9 (RLIN) | 895 |
| Personal name | Hindi |
| 245 ## - TITLE STATEMENT | |
| Title | Hindi Story |
| 260 ## - PUBLICATION, DISTRIBUTION, ETC. (IMPRINT) | |
| Place of publication, distribution, etc. | New Delhi |
| Date of publication, distribution, etc. | 2000 |
| Withdrawn status | Lost status | Source of classification or shelving scheme | Damaged status | Koha normalized classification for sorting | Not for loan | Home library | Current library | Shelving location | Date acquired | Total Checkouts | Full call number | Barcode | Date last seen | Date last checked out | Price effective from | Koha item type |
|---|---|---|---|---|---|---|---|---|---|---|---|---|---|---|---|---|
| Dewey Decimal Classification | 8H3 | Good Samaritan School Library | Good Samaritan School Library | HINDI | 10/20/2016 | 1 | 8H3 | VIK5600 | 12/05/2016 | 10/20/2016 | 10/20/2016 | BOOK |